000 00610nam a2200229Ia 4500
003 OSt
005 20220927105058.0
006 a|||||r|||| 00| 0
007 ta
008 220926b |||||||| |||| 00| 0 eng d
024 _a196238
037 _cReference Collections
040 _aRTL
_cRTL
_beng
041 _2eng
_aeng
082 _a"V2,4N21, L1.8"
100 _aSen Mohit
_9370008
245 0 _aDocument of the history of the communist party of India
260 _c1977
300 _a656p
_ccm.
942 _h"V2,4N21, L1.8"
_cCC
999 _c690549
_d690549